000 02268nam a2200505 a 4500
001 74008
003 BD-RjUL
005 20211209082455.0
008 171220s2012 ii b 001 0 eng
020 _a9788177082913 (hardback)
_cIRs 985.00
020 _a8177082914
035 _a(BD-RjUL)74226
040 _aAU@
_beng
_cAU@
_dOCLCO
_dDLC
_dBD-RjUL
_erda
041 _aeng
082 0 4 _a337.15
_223
_bVOA 2012
084 _aMK 6800
_2rvk
100 1 _aVon Feigenblatt, Otto.
_9219797
245 1 4 _aThe Association of Southeast Asian Nations (ASEAN) :
_bconflict and development /
_cby Otto F. von Feigenblatt, Adjunct Professor of Political Science, Millenia Atlantic University (Florida,USA) and Fellow of the Royal Asiatic Society of Great Britain and Ireland.
260 _aNew Delhi :
_bCentury pub ,
_cc2012
300 _axv, 376 pages ;
_c23 cm
504 _aIncludes bibliographical references (pages 353-369) and index.
505 2 _aStructural analysis of ASEAN : conflict avoidance and consensus -- Socio-economic development in Southeast Asia : an overview -- A structural analysis of socio-cultural integration in ASEAN -- Conclusions and for further research.
610 2 7 _aASEAN.
_9219822
650 0 _aConflict management
_zSoutheast Asia.
_9219799
650 0 _aCooperation
_zSoutheast Asia.
_9219800
650 7 _aCommerce.
_2fast
_9219801
650 7 _aConflict management.
_2fast
_9219802
650 7 _aCooperation.
_2fast
_9219803
650 7 _aInternational economic integration.
_2fast
_9219804
650 7 _aPolitical science.
_2fast
_9219805
650 7 _aSocial history.
_2fast
_9219806
650 7 _aECONOMIC INTEGRATION.
_2unbist
_9219807
650 7 _aFOREIGN TRADE.
_2unbist
_9219808
650 7 _aPOLITICAL CONDITIONS.
_2unbist
_9219809
650 7 _aCONFLICT MANAGEMENT.
_2unbist
_9219810
650 7 _aINTERNATIONAL COOPERATION.
_2unbist
_9219811
650 7 _aSOCIAL CONDITIONS.
_2unbist
_9219812
650 7 _aSOUTHEAST ASIA.
_2unbist
_9219813
651 0 _aSoutheast Asia
_xCommerce.
_9219814
651 0 _aSoutheast Asia
_xEconomic integration.
_9219815
651 0 _aSoutheast Asia
_xPolitics and government.
_9219816
651 0 _aSoutheast Asia
_xSocial conditions.
_9219817
942 _2ddc
_cBK
999 _c74008
_d74008